| 000 | 00503cam a2200193 4500 | ||
|---|---|---|---|
| 008 | 000000n2000 000 0 eng u | ||
| 020 | _a08580332063 | ||
| 035 | _a(Sirsi) u109738 | ||
| 041 | _aeng | ||
| 110 |
_aBritish Standards Institution _9130 |
||
| 245 | _aCode of practice for demolition. | ||
| 260 |
_aLondon _bBSI _c2000 |
||
| 300 | _a120p. ; 30cm. | ||
| 490 |
_aBS _v6187:2000 |
||
| 650 | _aDEMOLITION | ||
| 650 |
_aHEALTH AND SAFETY _96244 |
||
| 690 | _aBUILT ENVIRONMENT | ||
| 942 | _n0 | ||
| 999 |
_c100977 _d100977 |
||